00722nam a2200169 a 450000100100000000500170001000800410002704000250006824501220009326000570021530000280027253400650030070000340036570000310039995201050043099900170053500004015120201002033940.0130809s1969 ag 000 0 spa d aDO-SdBNPbspacBNPHU00aEvolución política y comunicación de masas /cselección y prefacio Lucian W. Pye ; traducción Jean Puglisi. aBuenos Aires, Argentina :bEdiciones Troquel,c1969. a441 p. :bil. ;c23 cm. pTítulo original:kCommunications and political development1 aPye, Lucian W.,epref.9664231 aPuglisi, Jean,etr.966424 001050718MOaPDbPDcCTd2013-08-09iLF1l0o p40151-10r2020-06-25w2020-06-25y1ZNo se presta c39641d39641